Domain Decomposition Methods-Algorithms and Theory (Record no. 522)

000 -LEADER
fixed length control field 00340 a2200109 4500
020 ## - INTERNATIONAL STANDARD BOOK NUMBER
International Standard Book Number 3540206965
082 ## - DEWEY DECIMAL CLASSIFICATION NUMBER
Classification number 518.64 TOS
100 ## - MAIN ENTRY--PERSONAL NAME
Personal name Toselli, Andrea
245 ## - TITLE STATEMENT
Title Domain Decomposition Methods-Algorithms and Theory
Statement of responsibility, etc. Andrea Toselli, Olof Widlund
260 ## - PUBLICATION, DISTRIBUTION, ETC.
Place of publication, distribution, etc. New York :
Name of publisher, distributor, etc. Springer,
Date of publication, distribution, etc. 2005
300 ## - PHYSICAL DESCRIPTION
Extent xv, 450p. :
Other physical details ill ., ;
Dimensions 30 cm
650 ## - SUBJECT ADDED ENTRY--TOPICAL TERM
Topical term or geographic name entry element Computational Mathematics
Holdings
Withdrawn status Lost status Damaged status Not for loan Permanent Location Current Location Shelving location Date acquired Total Checkouts Full call number Barcode Date last seen Price effective from Koha item type
        School of Civil and Environmental Engineering (SCEE) School of Civil and Environmental Engineering (SCEE)       518.64 TOS NIT-4091 01/05/2017 01/05/2017 Book
© 2023 Central Library, National University of Sciences and Technology. All Rights Reserved.